Populacje państw według pierwszych cyfr - Statystyki

Ogólne statystyki
  • Ten quiz został rozwiązany 3 911 razy
  • Średni wynik to 7 z 18
Statystyki odpowiedzi
Państwo Populacja % Poprawnych
Indie 1467 mln
98%
Stany Zjednoczone 351 mln
79%
Kanada 40.3 mln
69%
Wielka Brytania 70.2 mln
62%
Niemcy 83.9 mln
58%
Japonia 122 mln
55%
Polska 38.0 mln
45%
Korea Południowa 51.6 mln
42%
Rosja 144 mln
34%
Brazylia 213 mln
28%
Australia 27.0 mln
26%
Argentyna 45.9 mln
26%
Arabia Saudyjska 34.7 mln
25%
Irlandia 5.32 mln
25%
Mongolia 3.53 mln
18%
Tajlandia 71.6 mln
17%
Nepal 29.6 mln
15%
Nowa Zelandia 5.28 mln
13%
Nie znaleziono quizów pasujących do podanych kryteriów
Rozkład punktacji
Procent ludzi z każdym wynikiem
Percentyl według liczby udzielonych odpowiedzi
Twoja historia wyników
Nie rozwiązałeś tego quizu